000 00472nam a2200193Ia 4500
008 210210b1949 xxu||||| |||| 00| 0 eng d
041 _aeng
082 _a385/3
100 _aAurner (Robert R)
245 _aEffective business english Ed 3
250 _a
260 _aNew York
_bSouth-Western Publishing Co.,
_c1949
300 _aix,582
650 _aenglish
650 _aEffective
650 _abusiness
690 _aBusiness Communication
906 _a005475
999 _c125506
_d125506